| 000 | 00878nam a22001937a 4500 | ||
|---|---|---|---|
| 999 |
_c20213 _d20213 |
||
| 003 | AR-CdUCM | ||
| 008 | 190527b ||||| |||| 00| 0 spa d | ||
| 040 |
_aMUNICIPALIDAD PROVINCIAL DEL CUSCO _cBIBLIOTECA MUNICIPAL DEL CUSCO |
||
| 082 |
_a615.3 / _bP66 _22ed. |
||
| 100 |
_aPlanelles, J. _942248 |
||
| 245 |
_aNocividad de los antibióticos : _bEfectos nocivos consecutivos al empleo de antibióticos en el tratamiento de las enfermedades infecciosas / |
||
| 260 |
_aMoscú : _bMir, _c1967. |
||
| 300 |
_a634 páginas ; _bIlustraciones b/c _c23 cm. |
||
| 505 | _aContenido: Carácter de las reacciones nocivas que aparecen como complicaciones del empleo terapéutico de los antibióticos y su clasificación -- Acción tóxica directa de los antibióticos... | ||
| 650 |
_aAntibióticos _936722 |
||
| 650 |
_aEfectos tóxicos _942249 |
||
| 942 |
_2ddc _cLIBROS |
||
| 945 | _aAndy | ||